00514nam a2200205 a 4500001001300000003000900013005001700022008004100039020001000080082001900090100002000109245002200129260004900151300001000200500003500210505001100245650001100256650002100267700002000288nice12345678IN_TiNIC20260116011907.0050524s1339 hyda grp 000 0 urd  ac10000a297.12203bALI aAli, Syed Akber aMatalibul Qur`an. aHyderabadbMatbua Razaqi Mission Pressc1339 a229p. aincludes index and biblioraphy2 aThesis aComics aQuran-Dictionary1 aAli, Syed Akber